[Event "IECC O-2978"]
[Site "IECC email"]
[Date "2009.06.21"]
[Round "?"]
[White "Kipfer, Richard Charles"]
[Black "D'Aragona, Vittoria"]
[Result "0-1"]
[WhiteElo "1079"]
[BlackElo "1220"]
[PlyCount "40"]
[EventDate "2009.??.??"]
[EventType "swiss (corr)"]
[EventRounds "2"]
[SourceTitle "Corr 2011"]
[Source "ChessBase"]
[SourceDate "2010.08.31"]
[SourceVersion "1"]
[SourceVersionDate "2010.08.31"]
[SourceQuality "1"]
[WhiteTeam "Canada"]
[BlackTeam "Italy"]
[WhiteTeamCountry "CAN"]
[BlackTeamCountry "ITA"]

1. e4 e6 2. Nf3 d5 3. Nc3 d4 4. Nb5 Nc6 5. Bd3 a6 6. Na3 Bxa3 7. bxa3 Nge7 8. 0-0 0-0 9. Bb2 e5 10. Bc4 Ng6 11. Qe2 Nf4 12. Qd1 Qf6 13. h4 Na5 14. g3 Nxc4 15. Ng5 b5 16. Rb1 Nh3+ 17. Nxh3 Bxh3 18. Re1 Nxd2 19. Qxd2 Qf3 20. Kh2 Qg2# 0-1